Fr. Conceicao Rodrigues College of Engineering

Magnetism & Magnetic Materials (Record no. 19313)

MARC details
000 -LEADER
fixed length control field 00267nam a2200133Ia 4500
082 ## - DEWEY DECIMAL CLASSIFICATION NUMBER
Classification number 538
100 ## - MAIN ENTRY--PERSONAL NAME
Personal name Osborn
245 ## - TITLE STATEMENT
Title Magnetism & Magnetic Materials
260 ## - PUBLICATION, DISTRIBUTION, ETC.
Name of publisher, distributor, etc. McGraw Hill
Date of publication, distribution, etc. 2001
546 ## - LANGUAGE NOTE
Language note ENGLISH
654 ## - SUBJECT ADDED ENTRY--FACETED TOPICAL TERMS
Focus term Magnetism
942 ## - ADDED ENTRY ELEMENTS (KOHA)
Koha item type BOOK
Holdings
Withdrawn status Lost status Damaged status Not for loan Collection Home library Current library Date acquired Total Checkouts Full call number Barcode Date last seen Price effective from Koha item type
        AFT Fr. Agnel's C.Rodrigues College of Engineering Fr. Agnel's C.Rodrigues College of Engineering 17/03/2023   538 AFT582 17/03/2023 17/03/2023 BOOK